| 000 | 02551nam a22003977a 4500 | ||
|---|---|---|---|
| 003 | KnowledgeUnlatched | ||
| 005 | 20210303104747.0 | ||
| 006 | m o d | ||
| 007 | cr u|||||||||| | ||
| 008 | 210129p20192020xx o u00| u eng d | ||
| 037 | _5BiblioBoard | ||
| 245 | 0 | 0 |
_aEIB Working Papers 2019/02 - How energy audits promote SMEs' energy efficiency investment _cDebora Revoltella, European Investment Bank, Fotios Kalantzis. _nVolume 2019/2 |
| 020 | _a9789286142284 | ||
| 024 | 8 | _ahttps://doi.org/10.2867/865818 | |
| 029 | 1 | _ahttps://library.biblioboard.com/ext/api/media/2e16cf50-03f0-4e77-b7fc-8ec393b74e0e/assets/thumbnail.jpg | |
| 040 |
_aScCtBLL _cScCtBLL |
||
| 100 | 1 |
_aRevoltella, Debora _eauthor. |
|
| 506 | 0 |
_aAccess copy available to the general public. _fUnrestricted _2star |
|
| 700 | 1 |
_aEuropean Investment Bank _eeditor. |
|
| 700 | 1 |
_aKalantzis, Fotios _eauthor. |
|
| 264 | 1 | _bEuropean Investment Bank, | |
| 300 | _a1 online resource (1 p.) | ||
| 490 | 1 | _aEIB Working Papers | |
| 520 | _aEnergy audits play an important role in promoting energy-efficiency measures in SMEs. This paper uses EIB Investment Survey data about energy audits and energy-efficiency investments of some 12,500 signatures from EU28 Member States per year. It suggests that: Energy audits are a useful tool for overcoming the information barriers and facilitating investments in energy-efficiency measures They are more important for small firms and for investments in things such as such as lighting, wall insulation etc. than in production processes such as the replacement of machinery and equipment The beneficial impact of energy audits ceases to exist, however, when firms are finance constrained Information campaigns are one of the most efficient available instruments among other instruments (regulatory, financial and voluntary agreements) for promoting energy audits in SMEs. | ||
| 588 | 0 | _aDescription based on print version record. | |
| 590 | _aKU Open Services | ||
| 650 | 7 |
_aBusiness & Economics / Finance _2bisacsh |
|
| 650 | 0 | _aEconomics | |
| 655 | 0 | _aElectronic books. | |
| 758 |
_iIs found in: _aKnowledge Unlatched _1https://openresearchlibrary.org/module/2774bc74-146a-484f-a7ba-ab1d6a09bbfb |
||
| 830 | 0 | _aEIB Working Papers | |
| 856 | 4 | 0 |
_uhttps://openresearchlibrary.org/content/2e16cf50-03f0-4e77-b7fc-8ec393b74e0e _zView this content on Open Research Library. _70 |
| 999 |
_c32545 _d32545 |
||